000 00470cam a22002054a 4500
005 20250605164250.0
008 250528s ||||||||||||||||||||||||d
035 _a21693
020 _a9789607706058
040 _aGR-AtMCL
_bgre
_dGR-AtMCL
_eAACR2
245 1 _aPROGETTO ITALIANO 1
250 _a5
260 _c1997
700 1 _aEdilingua
_97634
700 1 _aMagnelli S
_97635
700 1 _aMarin T
_97636
942 _cBK
999 _c6753
_d6753